Statistics for Tampa Bay Lightning Career Points Leaders

Click here to take the quiz!

General Stats

  • This quiz has been taken 15 times
  • The average score is 6 of 10

Answer Stats

Points Answer % Correct
668Steven Stamkos
100%
874Vincent Lecavalier
92%
953Martin St. Louis
92%
334Nikita Kucherov
75%
489Brad Richards
67%
364Victor Hedman
58%
261Tyler Johnson
33%
371Vinny Prospal
25%
300Brian Bradley
25%
286Fredrik Modin
0%

Score Distribution

Percentile by Number Answered

Percent of People with Each Score

Your Score History

You have not taken this quiz